00681nam a2200193 a 450000100100000000500170001000800410002702000150006804000250008308200170010810000280012524500710015326000720022430000200029670000240031604900090034095201210034999900170047000002372520200930022423.0110112s1989 ag r 000 0 spa d a9509840084 aDO-SdBNPbspacBNPHU axxxxxbC334c1 aCasabianca, Ruth94885110aComo equivoarse menos en terapia /cRuth Casabianca , Hugo Hirsch. aBuenos Aires, Argentina :bUniversidad Nacional del Litoral,c1989. a93 p. ;c20 cm.1 aHirsch, Hugo948852 aBNGR 001054708MOaGRbGRcCTd2011-01-12iLF1l0oxxxxx C334cp23725-10r2020-06-25w2020-06-25y4ZPréstamo en sala c23221d23221